[Event "Hamburg Harburg - ch 3rd Gr.D"]
[Site "Hamburg"]
[Date "2005.06.25"]
[Round "2.3"]
[White "Borgmeyer, Max"]
[Black "Heroiu, Alexandru"]
[Result "1-0"]
[WhiteElo "1895"]
[BlackElo "2004"]
[PlyCount "91"]
[EventDate "2005.06.24"]
[Source "SK Marmstorf"]
[SourceDate "2005.06.26"]

1. e4 g6 2. d4 Bg7 3. Nf3 c5 4. c3 Qb6 5. dxc5 Qxc5 6. Be3 Qc7 7. Nbd2 Nf6 8.
Bd4 Nc6 9. Bc4 O-O 10. O-O Nxd4 11. cxd4 d5 12. exd5 Rd8 13. Qb3 a6 14. a4 b6
15. Ne5 Qd6 16. f3 Bf5 17. g4 Bc8 18. g5 Nxd5 19. Ne4 Qe6 20. Nc3 Bb7 21. Rae1
Rd6 22. Nc6 Qf5 23. Nxd5 Qxg5+ 24. Kh1 Bxc6 25. Nxe7+ Kh8 26. Nxc6 Rxc6 27. Bd5
Rc2 28. Qxc2 Qxd5 29. Qe4 Qd8 30. Rd1 Ra7 31. Rfe1 h5 32. Qe8+ Qxe8 33. Rxe8+
Kh7 34. Rb8 b5 35. axb5 axb5 36. Rxb5 Rd7 37. d5 Bf6 38. d6 Kg7 39. b4 Bd8 40.
Rb8 Kf6 41. b5 Ke6 42. b6 Bf6 43. b7 Kf5 44. Rd5+ Kf4 45. Rd1 Bg5 46. Rb1 1-0

[Event "Hamburg Harburg - ch 3rd Gr.D"]
[Site "Hamburg"]
[Date "2005.06.25"]
[Round "3.1"]
[White "Heroiu, Alexandru"]
[Black "Colpe, Malte"]
[Result "1-0"]
[WhiteElo "2004"]
[BlackElo "1962"]
[PlyCount "67"]
[EventDate "2005.06.24"]
[Source "SK Marmstorf"]
[SourceDate "2005.06.26"]

1. g3 d5 2. Bg2 Nf6 3. Nf3 c5 4. O-O Nc6 5. d3 e5 6. Nbd2 Be7 7. e4 O-O 8. a4
d4 9. Nc4 Nd7 10. Ne1 b6 11. f4 Rb8 12. Nf3 f6 13. f5 a6 14. Na3 b5 15. axb5
axb5 16. Nh4 Re8 17. Qh5 Ba6 18. Nb1 Rb6 19. Rf3 c4 20. Bf1 b4 21. dxc4 Nc5 22.
Nd2 b3 23. Nxb3 Nxb3 24. cxb3 Nb4 25. Rxa6 Nxa6 26. c5 Nxc5 27. Bc4+ Ne6 28.
Bxe6+ Rxe6 29. fxe6 d3 30. Qf7+ Kh8 31. Rxd3 Bc5+ 32. Kg2 Qa8 33. Rd5 Re7 34.
Qh5 1-0

[Event "Hamburg Harburg - ch 3rd Gr.D"]
[Site "Hamburg"]
[Date "2005.06.25"]
[Round "3.2"]
[White "Simon, Christopher"]
[Black "Borgmeyer, Max"]
[Result "1/2-1/2"]
[WhiteElo "1938"]
[BlackElo "1895"]
[PlyCount "42"]
[EventDate "2005.06.24"]
[Source "SK Marmstorf"]
[SourceDate "2005.06.26"]

1. e4 c5 2. c3 Nf6 3. e5 Nd5 4. Nf3 Nc6 5. Bc4 e6 6. O-O Nb6 7. Bb3 d5 8. d4
Be7 9. Be3 Nd7 10. Ne1 Na5 11. Nd2 Nxb3 12. Qxb3 O-O 13. f4 b6 14. Nef3 Ba6 15.
Rf2 Bd3 16. Qd1 cxd4 17. cxd4 b5 18. Ne1 Bg6 19. g4 f5 20. Rg2 fxg4 21. Qxg4
Rf7 1/2-1/2

[Event "Hamburg Harburg - ch 3rd Gr.D"]
[Site "Hamburg"]
[Date "2005.06.25"]
[Round "3.3"]
[White "Homm, Marc Michael"]
[Black "Smolkina, Milana"]
[Result "1/2-1/2"]
[WhiteElo "1971"]
[BlackElo "1709"]
[PlyCount "65"]
[EventDate "2005.06.24"]
[Source "SK Marmstorf"]
[SourceDate "2005.06.26"]

1. d4 Nf6 2. c4 e6 3. g3 Nc6 4. Bg2 b6 5. e4 Bb7 6. e5 Ng8 7. Nc3 d6 8. f4 dxe5
9. fxe5 Rb8 10. Nge2 Nge7 11. Bg5 Qd7 12. g4 Nxd4 13. Bxb7 Nxe2 14. Qxd7+ Kxd7
15. Kxe2 Rxb7 16. Rad1+ Ke8 17. Rd3 a6 18. b4 Rb8 19. Rhd1 h6 20. Bxe7 Bxe7 21.
b5 a5 22. Rd7 Rc8 23. Ne4 h5 24. g5 h4 25. Kf3 Rd8 26. Rxd8+ Bxd8 27. Kg4 Be7
28. Rd3 Bb4 29. Rh3 Kd7 30. a3 Be7 31. a4 Bb4 32. Rf3 Ke7 33. Rd3 1/2-1/2

[Event "Hamburg Harburg - ch 3rd Gr.D"]
[Site "Hamburg"]
[Date "2005.06.26"]
[Round "4.1"]
[White "Colpe, Malte"]
[Black "Smolkina, Milana"]
[Result "1/2-1/2"]
[WhiteElo "1962"]
[BlackElo "1709"]
[PlyCount "76"]
[EventDate "2005.06.24"]
[Source "SK Marmstorf"]
[SourceDate "2005.06.26"]

1. d4 Nf6 2. c4 e6 3. a3 b6 4. Nc3 Bb7 5. Bg5 h6 6. Bh4 Be7 7. e3 O-O 8. Nf3 d6
9. Bd3 Nbd7 10. O-O c5 11. Bg3 Nh5 12. d5 Nxg3 13. hxg3 Bf6 14. e4 Bxc3 15.
bxc3 e5 16. Nh4 Nf6 17. Nf5 Bc8 18. Ne3 Qe8 19. Re1 Bd7 20. Qe2 Qc8 21. f4 Ng4
22. f5 Nxe3 23. Qxe3 Qd8 {(=)} 24. Rf1 Qg5 25. Qxg5 hxg5 26. g4 f6 {(=)} 27.
Kf2 Kf7 28. Rh1 Rh8 29. Bc2 Rab8 30. a4 Rxh1 31. Rxh1 a5 32. Kg3 Kg8 33. Kf2
Rb7 34. Kg3 Rb8 35. Rb1 Kf7 36. Rh1 Kg8 37. Rh5 Be8 38. Rh1 Bd7 1/2-1/2

[Event "Hamburg Harburg - ch 3rd Gr.D"]
[Site "Hamburg"]
[Date "2005.06.26"]
[Round "4.2"]
[White "Borgmeyer, Max"]
[Black "Homm, Marc Michael"]
[Result "1/2-1/2"]
[WhiteElo "1895"]
[BlackElo "1971"]
[PlyCount "46"]
[EventDate "2005.06.24"]
[Source "SK Marmstorf"]
[SourceDate "2005.06.26"]

1. e4 c5 2. Nf3 Nc6 3. d4 cxd4 4. Nxd4 Nf6 5. Nc3 e5 6. Ndb5 d6 7. Bg5 a6 8.
Na3 b5 9. Bxf6 gxf6 10. Nd5 Bg7 11. Bd3 Be6 12. c3 Bxd5 13. exd5 Ne7 14. Qg4
Kf8 15. Be4 Qc8 16. Qxc8+ Rxc8 17. g4 Bh6 18. Nc2 a5 19. f3 Bf4 20. a4 bxa4 21.
Rxa4 Rc5 22. c4 Nc8 23. b4 axb4 1/2-1/2

[Event "Hamburg Harburg - ch 3rd Gr.D"]
[Site "Hamburg"]
[Date "2005.06.26"]
[Round "4.3"]
[White "Heroiu, Alexandru"]
[Black "Simon, Christopher"]
[Result "1-0"]
[WhiteElo "2004"]
[BlackElo "1938"]
[PlyCount "147"]
[EventDate "2005.06.24"]
[Source "SK Marmstorf"]
[SourceDate "2005.06.26"]

1. Nf3 Nf6 2. g3 g6 3. Bg2 Bg7 4. O-O O-O 5. d3 d6 6. e4 Nc6 7. Nbd2 e5 8. c3
Nd7 9. Re1 Ne7 10. Nf1 Qe8 11. b4 f5 12. Ng5 Nf6 13. Qb3+ Kh8 14. Ne6 Bxe6 15.
Qxe6 Rb8 16. Ne3 f4 17. gxf4 exf4 18. Nd1 Nfg8 19. f3 Qc6 20. d4 Rbe8 21. Qb3
Nf5 22. b5 Qb6 23. Bb2 Nh4 24. Nf2 Nf6 25. Rad1 Nd7 26. Ba3 a6 27. bxa6 Qxa6
28. Nd3 Ra8 29. Bc1 Nxg2 30. Kxg2 Qxa2+ 31. Qxa2 Rxa2+ 32. Rd2 Raa8 33. Rb2 b6
34. Nxf4 Ra3 35. Rc2 Ra1 36. Ne6 Rc8 37. Ree2 Kg8 38. Bf4 Ra5 39. Ra2 Kf7 40.
Nxg7 Kxg7 41. Kf2 Rca8 42. Rxa5 Rxa5 43. Ke3 Kf6 44. Kd3 Ke6 45. Rb2 Nf6 46.
Bd2 d5 47. Bf4 Kd7 48. Be5 Ng8 49. exd5 Rxd5 50. Ra2 Kc6 51. Ra8 Nh6 52. c4 Rd7
53. Ra7 Nf7 54. d5+ Kc5 55. Rxc7+ Rxc7 56. Bxc7 h5 57. Bg3 b5 58. Bf2+ Kd6 59.
cxb5 Kxd5 60. b6 Nd6 61. Ke3 g5 62. Kd3 Nb7 63. Be3 g4 64. f4 Na5 65. Bf2 Nb7
66. Bd4 Nd6 67. f5 Nb7 68. f6 Ke6 69. Ke4 h4 70. Kf4 g3 71. hxg3 h3 72. Bg1
Kxf6 73. Kg4 Ke6 74. Kxh3 1-0

[Event "Hamburg Harburg - ch 3rd Gr.D"]
[Site "Hamburg"]
[Date "2005.06.26"]
[Round "5.1"]
[White "Simon, Christopher"]
[Black "Colpe, Malte"]
[Result "1-0"]
[WhiteElo "1938"]
[BlackElo "1962"]
[PlyCount "130"]
[EventDate "2005.06.24"]
[Source "SK Marmstorf"]
[SourceDate "2005.06.26"]

1. e4 e5 2. Nf3 Nc6 3. Bc4 Nf6 4. d3 d6 5. Nc3 Be7 6. O-O Bg4 7. Be3 O-O 8. h3
Bh5 9. Nd5 Na5 10. Nxf6+ Bxf6 11. Bb3 Nxb3 12. axb3 a6 13. c3 Bg6 14. Nd2 d5
15. f4 d4 16. f5 dxe3 17. Nc4 Bh5 18. g4 Bh4 19. gxh5 Qg5+ 20. Kh1 Bf2 21. Qf3
Qf4 22. Kg2 b5 23. Qxf4 exf4 24. Ne5 Rfe8 25. Ng4 Bh4 26. Kf3 Rad8 27. Ke2 Bg5
28. Rxa6 h6 29. h4 Bxh4 30. Rxf4 Bg5 31. Rf1 Rd6 32. Rxd6 cxd6 33. Nxe3 Ra8 34.
d4 Ra2 35. Rb1 Kf8 36. Kd3 Bxe3 37. Kxe3 Ke7 38. Kf4 Ra5 39. Rg1 Ra2 40. Rg2
Kf8 41. e5 d5 42. Ke3 Ra1 43. Rh2 Rf1 44. c4 dxc4 45. bxc4 bxc4 46. Ke4 Rc1 47.
Kd5 Rf1 48. Kxc4 Rxf5 49. b4 f6 50. exf6 Rxf6 51. Re2 Rf1 52. b5 Rc1+ 53. Kd5
Rb1 54. Kc6 Rc1+ 55. Kb7 Rd1 56. Re4 Rh1 57. Re5 Kf7 58. b6 Rd1 59. Re4 Kf6 60.
Kb8 Kf5 61. Re5+ Kf6 62. b7 Rxd4 63. Rc5 Ke7 64. Ka7 Ra4+ 65. Kb6 Kd7 1-0

[Event "Hamburg Harburg - ch 3rd Gr.D"]
[Site "Hamburg"]
[Date "2005.06.26"]
[Round "5.2"]
[White "Homm, Marc Michael"]
[Black "Heroiu, Alexandru"]
[Result "0-1"]
[WhiteElo "1971"]
[BlackElo "2004"]
[PlyCount "58"]
[EventDate "2005.06.24"]
[Source "SK Marmstorf"]
[SourceDate "2005.06.26"]

1. d4 g6 2. c4 Bg7 3. Nc3 c5 4. d5 d6 5. e4 Nf6 6. Bd3 O-O 7. f4 e6 8. Nf3 exd5
9. cxd5 Re8 10. Qc2 Na6 11. Bxa6 bxa6 12. Nd2 a5 13. Qd3 Nxe4 14. Ncxe4 f5 15.
Kf2 fxe4 16. Nxe4 Qb6 17. Qf3 Bd4+ 18. Kg3 Bf5 19. Nf2 Re7 20. Ng4 Be4 21. Qd1
Rae8 22. Rf1 c4 23. f5 gxf5 24. Nh6+ Kh8 25. Nxf5 Rg8+ 26. Kh4 Bf6+ 27. Kh5 Re5
28. g4 Qd8 29. g5 Bxg5 0-1

[Event "Hamburg Harburg - ch 3rd Gr.D"]
[Site "Hamburg"]
[Date "2005.06.26"]
[Round "5.3"]
[White "Smolkina, Milana"]
[Black "Borgmeyer, Max"]
[Result "1/2-1/2"]
[WhiteElo "1709"]
[BlackElo "1895"]
[PlyCount "64"]
[EventDate "2005.06.24"]
[Source "SK Marmstorf"]
[SourceDate "2005.06.26"]

1. e4 c5 2. Nf3 d6 3. d4 cxd4 4. Nxd4 Nf6 5. Nc3 a6 6. Bg5 e6 7. f4 Be7 8. Qf3
Qa5 9. O-O-O Bd7 10. g4 Qc7 11. Bxf6 Bxf6 12. g5 Be7 13. Rg1 Nc6 14. f5 Nxd4
15. Rxd4 Qc5 16. Ne2 exf5 17. Bh3 Rc8 18. c3 Bb5 19. Qxf5 O-O 20. Qxc5 Rxc5 21.
Kd1 Bxg5 22. Rxd6 Bxe2+ 23. Kxe2 Rb5 24. b4 Bf4 25. Rd5 Rxd5 26. exd5 Bxh2 27.
Rd1 Rd8 28. c4 g5 29. Bg4 Kg7 30. Bf5 Bf4 31. c5 h5 32. d6 Kf6 1/2-1/2

[Event "Hamburg Harburg - ch 3rd Gr.E"]
[Site "Hamburg"]
[Date "2005.06.24"]
[Round "1.1"]
[White "Lochmann, Viktor"]
[Black "Dalakian, Haroutioun"]
[Result "1/2-1/2"]
[WhiteElo "1751"]
[BlackElo "1748"]
[PlyCount "68"]
[EventDate "2005.06.24"]
[Source "SK Marmstorf"]
[SourceDate "2005.06.26"]

1. e4 c5 2. Nf3 d6 3. d4 cxd4 4. Nxd4 Nf6 5. Nc3 a6 6. Bc4 e6 7. O-O Be7 8. Be3
b5 9. Bd3 Bb7 10. f3 Nbd7 11. a3 O-O 12. Nb3 Nc5 13. Be2 Qc7 14. Nd4 Rac8 15.
Ndxb5 axb5 16. Nxb5 Qd8 17. c4 Ra8 18. Nc3 Bc6 19. b4 Na4 20. Qc2 Nxc3 21. Qxc3
Ba4 22. Rfb1 Nd7 23. Bd4 e5 24. Be3 Qc7 25. Ra2 Rfc8 26. Rc1 Qc6 27. Qd2 Rc7
28. Qd5 Rac8 29. Rb2 Qxd5 30. exd5 Nf6 31. Bb6 Rb7 32. Be3 Rbc7 33. Bb6 Rb7 34.
Be3 Rbc7 1/2-1/2

[Event "Hamburg Harburg - ch 3rd Gr.E"]
[Site "Hamburg"]
[Date "2005.06.24"]
[Round "1.2"]
[White "Kacza, Ingo"]
[Black "Haack, Stefan"]
[Result "1/2-1/2"]
[WhiteElo "1779"]
[BlackElo "1753"]
[PlyCount "57"]
[EventDate "2005.06.24"]
[Source "SK Marmstorf"]
[SourceDate "2005.06.26"]

1. d4 d5 2. Nf3 Nf6 3. c4 c6 4. e3 Bg4 5. Nc3 Nbd7 6. cxd5 cxd5 7. Be2 e6 8.
O-O a6 9. Bd2 Bd6 10. Rc1 O-O 11. a3 Qb8 12. h3 Bh5 13. Na2 Ne4 14. Bb4 f5 15.
Bxd6 Qxd6 16. Nc3 Rac8 17. Nxe4 fxe4 18. Rxc8 Rxc8 19. Ne1 Bxe2 20. Qxe2 b5 21.
f3 Nf6 22. fxe4 dxe4 23. Nc2 a5 24. Na1 Qd5 25. Qd2 a4 26. Rc1 Rc4 27. Rc2 Nd7
28. b3 axb3 29. Nxb3 1/2-1/2

[Event "Hamburg Harburg - ch 3rd Gr.E"]
[Site "Hamburg"]
[Date "2005.06.24"]
[Round "1.3"]
[White "Janitzek, Nils"]
[Black "Draeger, Klaus"]
[Result "1/2-1/2"]
[WhiteElo "1764"]
[BlackElo "1750"]
[PlyCount "105"]
[EventDate "2005.06.24"]
[Source "SK Marmstorf"]
[SourceDate "2005.06.26"]

1. e4 c5 2. c3 e6 3. d4 d5 4. e5 Nc6 5. Nf3 Nge7 6. Bd3 cxd4 7. cxd4 Bd7 8. Nc3
a6 9. a3 Ng6 10. Be3 Be7 11. Qc2 Rc8 12. O-O O-O 13. Nd2 Qe8 14. f4 f5 15. Nf3
Na5 16. Qf2 Nc4 17. g3 Nxa3 18. Nxd5 Nc4 19. Nxe7+ Nxe7 20. Rac1 Nxe3 21. Qxe3
Bc6 22. Bc4 Nd5 23. Bxd5 Bxd5 24. Rxc8 Qxc8 25. Rc1 Qd7 26. Qc3 Bxf3 27. Qxf3
Qxd4+ 28. Qf2 Qxf2+ 29. Kxf2 Rd8 30. Ke3 Rd7 31. h3 Kf7 32. g4 g6 33. b4 Ke7
34. Rc5 Kd8 35. Rc2 Rc7 36. Rd2+ Ke7 37. Rd3 Rc4 38. Rb3 fxg4 39. hxg4 h5 40.
gxh5 gxh5 41. b5 a5 42. Rb2 h4 43. Rh2 h3 44. Kd3 Rb4 45. Kc3 Rxb5 46. Rxh3 Kd7
47. Rd3+ Rd5 48. Rg3 Rc5+ 49. Kd4 b6 50. Rg7+ Ke8 51. Rg6 Kd7 52. f5 exf5 53.
Rxb6 1/2-1/2

[Event "Hamburg Harburg - ch 3rd Gr.E"]
[Site "Hamburg"]
[Date "2005.06.25"]
[Round "2.1"]
[White "Dalakian, Haroutioun"]
[Black "Draeger, Klaus"]
[Result "0-1"]
[WhiteElo "1748"]
[BlackElo "1750"]
[PlyCount "110"]
[EventDate "2005.06.24"]
[Source "SK Marmstorf"]
[SourceDate "2005.06.26"]

1. d4 Nf6 2. c4 c5 3. d5 b5 4. cxb5 a6 5. bxa6 Bxa6 6. Nc3 d6 7. e4 Bxf1 8.
Kxf1 Nbd7 9. g3 g6 10. Kg2 Bg7 11. Nf3 Ng4 12. h3 Nge5 13. Nxe5 Nxe5 14. f4 Nc4
15. Qd3 Na5 16. Re1 O-O 17. Bd2 Rb8 18. Rab1 Qd7 19. g4 Qa7 20. h4 Qa8 21. f5
Rb4 22. b3 Rfb8 23. Ne2 c4 24. bxc4 Rxb1 25. Rxb1 Rxb1 26. Qxb1 Nxc4 27. Bf4
Qa7 28. Qb3 Ne5 {(=)} 29. Kg3 h6 30. a4 Kh7 31. Qb5 h5 32. gxh5 gxh5 33. Bxe5
Bxe5+ 34. Kf3 Bf6 35. a5 Bxh4 36. Qb6 Qd7 37. Nc3 Qc8 38. Qc6 Qg8 39. a6 Qg1
40. Ke2 Bg5 41. Kd3 h4 42. Nb5 Qe3+ 43. Kc4 Qxe4+ 44. Kb3 h3 45. a7 h2 46. Nc3
Qxf5 47. a8=Q h1=Q 48. Qce8 Kg6 49. Qg8+ Kf6 50. Qaf8 Qhh7 51. Qh8+ Qxh8 52.
Qxh8+ Kg6 53. Qh2 Qd3 54. Qh8 Bf6 55. Qg8+ Bg7 0-1

[Event "Hamburg Harburg - ch 3rd Gr.E"]
[Site "Hamburg"]
[Date "2005.06.25"]
[Round "2.2"]
[White "Haack, Stefan"]
[Black "Janitzek, Nils"]
[Result "1/2-1/2"]
[WhiteElo "1753"]
[BlackElo "1764"]
[PlyCount "91"]
[EventDate "2005.06.24"]
[Source "SK Marmstorf"]
[SourceDate "2005.06.26"]

1. e4 d6 2. d4 Nf6 3. Nc3 g6 4. f3 Bg7 5. Be3 c6 6. Qd2 Nbd7 7. h4 b5 8. Bh6
Bxh6 9. Qxh6 Qb6 10. O-O-O Bb7 11. g4 O-O-O 12. Qf4 e5 13. dxe5 dxe5 14. Qg3
Qe3+ 15. Kb1 b4 16. Re1 Qc5 17. Na4 Qa5 18. b3 Nb6 19. Nxb6+ axb6 20. Bc4 Rd7
21. Nh3 Re8 22. Ng5 Ree7 23. Rd1 Ba6 24. Nxf7 Rxf7 25. Bxf7 Rxf7 26. Rd6 Qc5
27. Rhd1 Rd7 28. Rxd7 Nxd7 29. g5 Kc7 30. Qh3 Qe7 31. h5 Qf7 32. hxg6 hxg6 33.
Rd2 Nc5 34. Qh8 Nd7 35. Qh3 Bc8 36. Qh1 Qf4 37. Qg2 Nc5 38. Rd1 Ne6 39. Rg1 Nd4
40. Rf1 Ba6 41. Rf2 Ne6 42. Qh3 Nxg5 43. Qh6 Qe3 44. Qg7+ Kb8 45. Qxe5+ Ka7 46.
Qg7+ 1/2-1/2

[Event "Hamburg Harburg - ch 3rd Gr.E"]
[Site "Hamburg"]
[Date "2005.06.25"]
[Round "2.3"]
[White "Lochmann, Viktor"]
[Black "Kacza, Ingo"]
[Result "1/2-1/2"]
[WhiteElo "1751"]
[BlackElo "1779"]
[PlyCount "38"]
[EventDate "2005.06.24"]
[Source "SK Marmstorf"]
[SourceDate "2005.06.26"]

1. e4 c6 2. d4 d5 3. Nc3 dxe4 4. Nxe4 Nd7 5. Bc4 Ngf6 6. Ng5 e6 7. N1f3 Bd6 8.
O-O O-O 9. Nxf7 Rxf7 10. Bxe6 Nf8 11. Bxf7+ Kxf7 12. Ng5+ Kg6 13. h3 h6 14. Nf3
Kh7 15. Qd3+ Kg8 16. Re1 Be6 17. Nh4 Qd7 18. f4 Nd5 19. f5 Nb4 1/2-1/2

[Event "Hamburg Harburg - ch 3rd Gr.E"]
[Site "Hamburg"]
[Date "2005.06.25"]
[Round "3.1"]
[White "Kacza, Ingo"]
[Black "Dalakian, Haroutioun"]
[Result "1/2-1/2"]
[WhiteElo "1779"]
[BlackElo "1748"]
[PlyCount "69"]
[EventDate "2005.06.24"]
[Source "SK Marmstorf"]
[SourceDate "2005.06.26"]

1. d4 Nf6 2. c4 g6 3. Nc3 Bg7 4. e4 d6 5. f3 e5 6. d5 c5 7. Bg5 h6 8. Be3 Na6
9. Qd2 Nc7 10. Bd3 Bd7 11. Nge2 Qe7 12. O-O g5 13. Ng3 a6 14. a4 a5 15. Rae1 b6
16. Nf5 Bxf5 17. exf5 Qd7 18. f4 gxf4 19. Bxf4 O-O-O 20. Bg3 Kb7 21. b3 Rdg8
22. Bh4 h5 23. Bxf6 Bxf6 24. Ne4 Bg7 25. Qf2 f6 26. Re3 Ne8 27. Rh3 Bh6 28. Qf3
h4 29. Kf2 Bf4 30. Ke1 Qg7 31. g3 hxg3 32. Rxh8 Rxh8 33. hxg3 Bg5 34. Rh1 Rh6
35. Be2 1/2-1/2

[Event "Hamburg Harburg - ch 3rd Gr.E"]
[Site "Hamburg"]
[Date "2005.06.25"]
[Round "3.2"]
[White "Janitzek, Nils"]
[Black "Lochmann, Viktor"]
[Result "0-1"]
[WhiteElo "1764"]
[BlackElo "1751"]
[PlyCount "56"]
[EventDate "2005.06.24"]
[Source "SK Marmstorf"]
[SourceDate "2005.06.26"]

1. e4 d6 2. d4 Nf6 3. Bd3 g6 4. f4 Bg7 5. Nf3 O-O 6. O-O Nfd7 7. Be3 c5 8. c3
a6 9. a4 Nc6 10. Nbd2 cxd4 11. cxd4 Nb4 12. Be2 Nf6 13. Ne1 Bd7 14. Qb3 a5 15.
Kh1 Rc8 16. Bg1 d5 17. e5 Ne4 18. Ndf3 Bg4 19. Rd1 Bh6 20. Nd3 Nxd3 21. Bxd3
Bxf4 22. Rfe1 Bxf3 23. gxf3 Ng5 24. Bb5 e6 25. Bf2 Nh3 26. Re2 Qg5 27. Rc2 Qh5
28. Re2 Ng5 0-1

[Event "Hamburg Harburg - ch 3rd Gr.E"]
[Site "Hamburg"]
[Date "2005.06.25"]
[Round "3.3"]
[White "Draeger, Klaus"]
[Black "Haack, Stefan"]
[Result "1-0"]
[WhiteElo "1750"]
[BlackElo "1753"]
[PlyCount "21"]
[EventDate "2005.06.24"]
[Source "SK Marmstorf"]
[SourceDate "2005.06.26"]

1. e4 c5 2. c3 d5 3. exd5 Qxd5 4. d4 Nf6 5. Nf3 Bg4 6. Be2 e6 7. Be3 cxd4 8.
Bxd4 Be7 9. Qa4+ Nc6 10. Bxf6 Bxf3 11. Bxf3 1-0

[Event "Hamburg Harburg - ch 3rd Gr.E"]
[Site "Hamburg"]
[Date "2005.06.26"]
[Round "4.2"]
[White "Lochmann, Viktor"]
[Black "Draeger, Klaus"]
[Result "0-1"]
[WhiteElo "1751"]
[BlackElo "1750"]
[PlyCount "64"]
[EventDate "2005.06.24"]
[Source "SK Marmstorf"]
[SourceDate "2005.06.26"]

1. e4 c6 2. d4 d5 3. Nc3 dxe4 4. Nxe4 Bf5 5. Ng3 Bg6 6. Nf3 Nd7 7. h4 h6 8. h5
Bh7 9. Bd3 Bxd3 10. Qxd3 e6 11. Bf4 Ngf6 12. c4 Bb4+ 13. Nd2 Nc5 14. Qe3 Ng4
15. Qe2 Qxd4 16. Qxg4 Bxd2+ 17. Kf1 Qxf4 18. Qxf4 Bxf4 19. Ne2 Be5 20. Rb1
O-O-O 21. Rh3 Bxb2 22. g4 Bf6 23. Ra3 a6 24. Ra5 Be7 25. f3 Rd2 26. Ra3 Rhd8
27. Re3 R8d3 28. Rxd3 Nxd3 29. Rb3 Rxe2 30. Kxe2 Nc1+ 31. Kd2 Nxb3+ 32. axb3 b5
0-1

[Event "Hamburg Harburg - ch 3rd Gr.E"]
[Site "Hamburg"]
[Date "2005.06.26"]
[Round "4.3"]
[White "Kacza, Ingo"]
[Black "Janitzek, Nils"]
[Result "1-0"]
[WhiteElo "1779"]
[BlackElo "1764"]
[PlyCount "79"]
[EventDate "2005.06.24"]
[Source "SK Marmstorf"]
[SourceDate "2005.06.26"]

1. d4 Nf6 2. c4 g6 3. Nc3 Bg7 4. e4 d6 5. f3 O-O 6. Bg5 c5 7. d5 a6 8. Qd2 Re8
9. g4 Nbd7 10. h4 Nf8 11. Nge2 Bd7 12. Ng3 Rb8 13. h5 b5 14. hxg6 fxg6 15. Bh6
Kh8 16. Bxg7+ Kxg7 17. O-O-O bxc4 18. Bxc4 Bb5 19. Bxb5 axb5 20. Rdg1 Kh8 21.
Rh4 Qa5 22. g5 b4 23. Nb1 Ng8 24. b3 c4 25. Qd4+ Nf6 26. gxf6 Qc5 27. Qxc5 dxc5
28. fxe7 Rxe7 29. bxc4 b3 30. Rh2 Reb7 31. a3 Nd7 32. Rb2 Ne5 33. Nd2 Nd3+ 34.
Kb1 Nxb2 35. Kxb2 h5 36. Ne2 Kh7 37. Nf4 Rb6 38. e5 Re8 39. e6 Rb7 40. Ne4 1-0

[Event "Hamburg Harburg - ch 3rd Gr.E"]
[Site "Hamburg"]
[Date "2005.06.26"]
[Round "5.1"]
[White "Janitzek, Nils"]
[Black "Dalakian, Haroutioun"]
[Result "1/2-1/2"]
[WhiteElo "1764"]
[BlackElo "1748"]
[PlyCount "30"]
[EventDate "2005.06.24"]
[Source "SK Marmstorf"]
[SourceDate "2005.06.26"]

1. Nf3 Nf6 2. g3 g6 3. Bg2 Bg7 4. O-O O-O 5. d3 d6 6. e4 e5 7. c3 Ne8 8. Nbd2
c6 9. b4 a5 10. Bb2 axb4 11. cxb4 Be6 12. a3 f5 13. d4 exd4 14. Nxd4 Bf7 15.
exf5 c5 1/2-1/2

[Event "Hamburg Harburg - ch 3rd Gr.F"]
[Site "Hamburg"]
[Date "2005.06.24"]
[Round "1.1"]
[White "Grove, Uwe"]
[Black "Diz Suarez, Carlos"]
[Result "1/2-1/2"]
[WhiteElo "1723"]
[BlackElo "1676"]
[PlyCount "73"]
[EventDate "2005.06.24"]
[Source "SK Marmstorf"]
[SourceDate "2005.06.26"]

1. Nf3 Nf6 2. d4 d5 3. g3 c5 4. c3 e6 5. Bg2 b6 6. Bg5 h6 7. Bxf6 Qxf6 8. Nbd2
Qd8 9. Ne5 a6 10. O-O Ra7 11. e3 Bd6 12. Qh5 O-O 13. dxc5 bxc5 14. c4 Bb7 15.
cxd5 Bxd5 16. Nec4 Be7 17. Rfd1 Bxg2 18. Kxg2 Qd5+ 19. Qf3 Nc6 20. b3 Qxf3+ 21.
Nxf3 Bf6 22. Rab1 a5 23. Rd6 Rc8 24. Rbd1 a4 25. bxa4 Nb4 26. a3 Nd5 27. e4 Nc3
28. R1d3 Nxa4 29. e5 Bg5 30. h4 Be7 31. Rd7 Rxd7 32. Rxd7 Bf8 33. Nfd2 Rb8 34.
Ne4 Nb2 35. Nxb2 Rxb2 36. Rc7 Ra2 37. Nxc5 1/2-1/2

[Event "Hamburg Harburg - ch 3rd Gr.F"]
[Site "Hamburg"]
[Date "2005.06.24"]
[Round "1.2"]
[White "Breitweg, Jason"]
[Black "Olschok, Juergen"]
[Result "1-0"]
[WhiteElo "1663"]
[BlackElo "1700"]
[PlyCount "93"]
[EventDate "2005.06.24"]
[Source "SK Marmstorf"]
[SourceDate "2005.06.26"]

1. d4 Nf6 2. Nf3 d5 3. Bg5 e6 4. e3 Nbd7 5. Bd3 Be7 6. Nbd2 O-O 7. O-O c5 8. c3
c4 9. Bc2 h6 10. Bh4 Ne8 11. Bxe7 Qxe7 12. e4 dxe4 13. Bxe4 Nd6 14. Qe2 Nf6 15.
Ne5 Nfxe4 16. Nxe4 Nxe4 17. Qxe4 Qc7 18. f4 Bd7 19. Rf3 Bc6 20. Nxc6 Qxc6 21.
Qxc6 bxc6 22. b3 cxb3 23. axb3 Rfb8 24. b4 g6 25. Re3 Kf8 26. Re5 Ke7 27. Ra6
Rb6 28. Rea5 Rxa6 29. Rxa6 Kd7 30. Kf2 Kc7 31. Ke3 Kb7 32. Ra5 f6 33. g4 Kb6
34. h4 Rd8 35. g5 fxg5 36. fxg5 h5 37. Re5 Re8 38. c4 Re7 39. Re4 Kc7 40. Rf4
Kd6 41. Ke4 Rb7 42. Rf6 Rxb4 43. c5+ Ke7 44. Rxg6 a5 45. Rg7+ Kd8 46. Ra7 a4
47. g6 1-0

[Event "Hamburg Harburg - ch 3rd Gr.F"]
[Site "Hamburg"]
[Date "2005.06.24"]
[Round "1.3"]
[White "Ma, Beini"]
[Black "Hoffmann, Ekkehard"]
[Result "1/2-1/2"]
[WhiteElo "1681"]
[BlackElo "1668"]
[PlyCount "45"]
[EventDate "2005.06.24"]
[Source "SK Marmstorf"]
[SourceDate "2005.06.26"]

1. e4 g6 2. d4 Bg7 3. Nc3 d6 4. Be3 Nd7 5. Qd2 e5 6. O-O-O Ne7 7. Nf3 O-O 8.
Bh6 Nc6 9. d5 Ne7 10. h4 Nf6 11. Bxg7 Kxg7 12. h5 Nxh5 13. Rh4 f5 14. Bd3 f4
15. Rdh1 Ng8 16. Be2 Ngf6 17. Qd1 Ng4 18. Qe1 Bd7 19. Nd2 Qg5 20. Nf3 Qe7 21.
Nd2 Qg5 22. Nf3 Qe7 23. Nd2 1/2-1/2

[Event "Hamburg Harburg - ch 3rd Gr.F"]
[Site "Hamburg"]
[Date "2005.06.25"]
[Round "2.1"]
[White "Diz Suarez, Carlos"]
[Black "Hoffmann, Ekkehard"]
[Result "0-1"]
[WhiteElo "1676"]
[BlackElo "1668"]
[PlyCount "46"]
[EventDate "2005.06.24"]
[Source "SK Marmstorf"]
[SourceDate "2005.06.26"]

1. Nf3 d5 2. d4 Nf6 3. c4 c6 4. Nc3 e6 5. Bf4 dxc4 6. a4 Nd5 7. Bd2 Nd7 8. e3
Nxc3 9. Bxc3 b5 10. b3 b4 11. Bd2 c3 12. Bc1 a5 13. Be2 Be7 14. O-O O-O 15. Re1
Bb7 16. Bd3 c5 17. Qe2 cxd4 18. Nxd4 Nc5 19. Bc4 Qd7 20. Rd1 Rfd8 21. Bd2 cxd2
22. Rxd2 Bf6 23. Rad1 Ne4 0-1

[Event "Hamburg Harburg - ch 3rd Gr.F"]
[Site "Hamburg"]
[Date "2005.06.25"]
[Round "2.2"]
[White "Olschok, Juergen"]
[Black "Ma, Beini"]
[Result "0-1"]
[WhiteElo "1700"]
[BlackElo "1681"]
[PlyCount "68"]
[EventDate "2005.06.24"]
[Source "SK Marmstorf"]
[SourceDate "2005.06.26"]

1. e4 c5 2. c3 d5 3. exd5 Qxd5 4. d4 cxd4 5. cxd4 Nc6 6. Nf3 Bg4 7. Be2 e6 8.
O-O Nf6 9. Nc3 Qd8 10. Qa4 a6 11. Rd1 b5 12. Qc2 Nb4 13. Qb3 Nbd5 14. Nxd5 Nxd5
15. Be3 Be7 16. Rac1 O-O 17. h3 Bh5 18. g4 Bg6 19. Ne5 Be4 20. Bf3 Bxf3 21.
Nxf3 Qd6 22. a3 Rfc8 23. Qd3 Rc7 24. Rxc7 Qxc7 25. Rc1 Qb7 26. Ng5 g6 27. Bd2
Rc8 28. Qf3 Bf6 29. Rxc8+ Qxc8 30. Nxf7 Kxf7 31. g5 Qc2 32. Bc3 Qc1+ 33. Kg2
Qxg5+ 34. Kf1 Nxc3 0-1